Ekonomiczne problemy sterowania jakoscia praca zbiorowa

Guardado en:
Detalles Bibliográficos
Formato: Libro
Lenguaje:polaco
Publicado: Warszawa Wyd. Ekonomiczne 1980
Etiquetas: Agregar Etiqueta
Sin Etiquetas, Sea el primero en etiquetar este registro!

MARC

LEADER 00000nam a2200000 4500
001 c116618
005 20230118132621.3
041 0 |a pol 
044 |a PL 
245 1 0 |a Ekonomiczne problemy sterowania jakoscia  |b praca zbiorowa 
264 1 |a Warszawa  |b Wyd. Ekonomiczne  |c 1980 
300 |a 327 s.